Xử trí cấp cứu nội khoa

Spremljeno u:
Bibliografski detalji
Glavni autor: Vũ Văn Đính
Format: Knjiga
Jezik:Undetermined
Izdano: Hà Nội Y Học 1998
Teme:
Oznake: Dodaj oznaku
Bez oznaka, Budi prvi tko označuje ovaj zapis!
Thư viện lưu trữ: Trung tâm Học liệu Trường Đại học Cần Thơ
LEADER 00531nam a2200169Ia 4500
001 CTU_29830
008 210402s9999 xx 000 0 und d
082 |a 616.0252 
082 |b Đ312x 
100 |a Vũ Văn Đính 
245 0 |a Xử trí cấp cứu nội khoa 
245 0 |c Vũ Văn Đính, Nguyễn Thị Dụ 
260 |a Hà Nội 
260 |b Y Học 
260 |c 1998 
650 |a emergency medical service,medical emergencies,rescue work 
980 |a Trung tâm Học liệu Trường Đại học Cần Thơ